000 01045cam a2200229 4500
001 WB4024-18
008 040622n2004 000 0 eng u
035 _a(Sirsi) u126555
245 _aSingle farm payment estimates
260 _c2004
490 _aScottish Executive News Release
_v(SEENpaym/2004) 21 June 2004 (3)
520 _aOver 20 000 farmers will be given a 'best estimate' of their potential payment under the Single Farm Payment Scheme. This will replace the range of production subsidies previously paid under the Common Agricultural Policy from 2005. The Scottish Executive Environment and Rural Affairs Department will write to all eligible producers setting out how their payment has been calculated. http://www.scotland.gov.uk/pages/news/2004/06/SEEN paym.aspx
590 _aWB
590 _aWB
650 _aSCOTLAND
650 _aSINGLE FARM PAYMENTS
650 _aCOMMON AGRICULTURAL POLICY
650 _aPRODUCTION SUBSIDIES
650 _aCROFTERS
690 _aRURAL-FARM BUSINESS MANAGEMENT
942 _n0
999 _c117571
_d117571